| 000 | 02889nam a2200313 4500 | ||
|---|---|---|---|
| 003 | EC-UNACH | ||
| 005 | 20250925141655.0 | ||
| 006 | s||||gr|||| 00| 00 | ||
| 008 | 150116t9999 mx r gr 000 0 spa d | ||
| 020 | _a109701049144 | ||
| 040 |
_aEC-UNACH _cEC-UNACH |
||
| 041 | _aspa | ||
| 082 | 0 | 4 |
_223 _a610.73 _bL001338 |
| 110 | _aMcGraw-Hill Interamericana Editores S.A | ||
| 245 | _aAdministración de los servicios de enfermería | ||
| 250 | _aCuarta Edición | ||
| 264 |
_aMéxico - DF _bMcGraw-Hill _c2007 |
||
| 300 |
_a362 páginas _bFiguras _c15,5 x 23 cm |
||
| 505 | _a1. TEORÍA GENERAL DE LA ADMINISTRACIÓN -- ADMINISTRACIÓN EMPÍRICA -- El hombre primitivo -- Sociedades egipcias -- Sociedades hebreas -- Aportaciones de los filósofos El cristianismo -- La organización militar -- La Revolución Industrial -- LA ADMINISTRACIÓN EN MÉXICO -- PERIODO DE LA ADMINISTRACIÓN CLÁSICA -- Teoría clásica de Henry Fayol Administración científica de Taylor -- PERIODO NEOCLÁSICO DE LA ADMINISTRACIÓN Teóricos sobresalientes -- Henry Laurence Gantt.-- Frank Gilbreth -- TEORÍAS CONTEMPORÁNEAS DE ADMINISTRACIÓN -- Modelo burocrático de organización -- Teoría estructuralista -- Teoría del comportamiento o conductismo Teoría del desarrollo organizacional -- Desarrollo organizacional -- Concepto de desarrollo organizacional -- Conceptos filosóficos del desarrollo organizacional Teoría de sistemas -- Teoría de la toma de decisiones -- Teoría de las contingencias Administración de calidad -- Actitudes de las personas en las organizaciones -- Otras tendencias -- Administración por conocimientos de Drucker -- Organizaciones federales -- Teoría del trébol -- Reingeniería -- Gerencia de procesos -- VARIABLES DE ESTUDIO DE LA ADMINISTRACIÓN -- Estructura de organización -- La organización científica -- División del trabajo -- Productividad -- Ambiente -- Tecnología -- Tipos de tecnología -- PRINCIPIOS FILOSÓFICOS DE LA ADMINISTRACIÓN -- Las organizaciones humanas -- Los objetivos y necesidades de las personas -- La productividad -- Filosofía de la administración -- OBJETIVOS ORGANIZACIONALES -- Importancia de los objetivos organizacionales Tipos de objetivos -- Objetivos de servicio -- Objetivos sociales -- Objetivos económicos CARACTERÍSTICAS DE LA ADMINISTRACIÓN – Universalidad – Especificidad -- Unidad temporal -- Unidad jerárquica -- CAMPOS DE ACCIÓN DE LA ADMINISTRACIÓN -- LA ADMINISTRACIÓN. | ||
| 650 | _aLA PRODUCTIVIDAD | ||
| 650 | _9LAS ORGANIZACIONES HUMANAS | ||
| 650 | _a FILOSOFÍA DE LA ADMINISTRACIÓN | ||
| 650 | _aPRINCIPIOS FILOSÓFICOS DE LA ADMINISTRACIÓN | ||
| 700 | _aBalderas Pedrero, Má. de la Luz | ||
| 942 |
_2ddc _c1 |
||
| 999 | _c13902 | ||